000 00456nam a2200181Ia 4500
001 12804
005 20260306163008.0
008 260306t2008||||xx |||||||||||||| ||spa||
041 _aESP
082 _aRD 333.703
_bG16
100 _aGalván Meraz, Francisco Javier
_eAUT
245 0 _aDiccionario ambiental y asignaturas afines
260 _c2008
300 _a304 páginas :
_c25 cm.
650 _aGEN
654 _aCAN
942 _cDIC
_dJUS
_fJUS
_2ddc
_n
999 _c12804
_d12804